Balance del año 2004
Uloženo v:
| Médium: | Text |
|---|---|
| Tagy: |
Přidat tag
Žádné tagy, Buďte první, kdo vytvoří štítek k tomuto záznamu!
|
MARC
| LEADER | 00000 a a2200000 04500 | ||
|---|---|---|---|
| 001 | 42618 | ||
| 003 | |||
| 040 | |||
| 245 | |a Balance del año 2004 | ||
| 773 | |g volumen25, número1127 ( , 2004), 56 páginas : tablas | ||
| 999 | |c 30298 |d 30298 | ||
